Comic Book Characters by Decade - Statistics

General Stats
  • This quiz has been taken 26 times
  • The average score is 7 of 15
Answer Stats
Question Answer % Correct
Invincible 2000s
83%
Batman 1930s
78%
The Incredible Hulk 1960s
61%
Hellboy 1990s
57%
Namor the Sub-Mariner 1930s
48%
Kick-Ass 2000s
48%
Bizarro 1950s
43%
Thanos 1970s
43%
Dazzler 1980s
35%
Dream of the Endless/The Sandman 1980s
35%
Archie Andrews 1940s
30%
Metamorpho 1960s
26%
The Crow 1980s
26%
Lucky Luke 1940s
22%
Charlie Brown 1950s
17%
No matching quizzes found
Score Distribution
Percent of People with Each Score
Percentile by Number Answered
Your Score History
You have not taken this quiz